<?xml version="1.0" encoding="UTF-8"?>
<record
    xmlns:xsi="http://www.w3.org/2001/XMLSchema-instance"
    xsi:schemaLocation="http://www.loc.gov/MARC21/slim http://www.loc.gov/standards/marcxml/schema/MARC21slim.xsd"
    xmlns="http://www.loc.gov/MARC21/slim">

  <leader>02183cam a2200169   4500500</leader>
  <controlfield tag="005">20260111105014.0</controlfield>
  <datafield tag="041" ind1=" " ind2=" ">
    <subfield code="a">fre</subfield>
  </datafield>
  <datafield tag="042" ind1=" " ind2=" ">
    <subfield code="a">dc</subfield>
  </datafield>
  <datafield tag="100" ind1="1" ind2="0">
    <subfield code="a">P&#xE9;r&#xE9;on, Yves-Marie</subfield>
    <subfield code="e">author</subfield>
  </datafield>
  <datafield tag="245" ind1="0" ind2="0">
    <subfield code="a">La d&#xE9;r&#xE9;gulation bancaire et financi&#xE8;re et ses cons&#xE9;quences, ou les contradictions de l&#x2019;h&#xE9;ritage reaganien en mati&#xE8;re &#xE9;conomique</subfield>
  </datafield>
  <datafield tag="260" ind1=" " ind2=" ">
    <subfield code="c">2017.
							</subfield>
  </datafield>
  <datafield tag="500" ind1=" " ind2=" ">
    <subfield code="a">32</subfield>
  </datafield>
  <datafield tag="520" ind1=" " ind2=" ">
    <subfield code="a">Pilier de la &#xAB;&#xA0;Reaganomics&#xA0;&#xBB;, la d&#xE9;r&#xE9;gulation illustre la volont&#xE9; de rupture avec une tradition remontant au New Deal. S&#x2019;inscrivant dans la puissante rh&#xE9;torique reaganienne du &#xAB;&#xA0;moins d&#x2019;&#xC9;tat&#xA0;&#xBB;, elle a inspir&#xE9; les politiques publiques mises en &#x153;uvre par les successeurs imm&#xE9;diats du 40e pr&#xE9;sident. Mais la crise financi&#xE8;re de 2007-2008, caus&#xE9;e en partie par l&#x2019;absence de surveillance des acteurs du march&#xE9;, a contraint l&#x2019;&#xC9;tat f&#xE9;d&#xE9;ral &#xE0; intervenir massivement pour &#xE9;viter une crise syst&#xE9;mique. Les leaders du GOP ont combattu le Dodd Frank Act de 2010, qui paraissait renouer avec la tradition rooseveltienne. Ils continuent &#xE0; proclamer leur fid&#xE9;lit&#xE9; inconditionnelle &#xE0; la politique de d&#xE9;r&#xE9;gulation, tout en d&#xE9;non&#xE7;ant le co&#xFB;t des plans de sauvetage mis en &#x153;uvre par l&#x2019;&#xC9;tat-L&#xE9;viathan de Washington.</subfield>
  </datafield>
  <datafield tag="520" ind1=" " ind2=" ">
    <subfield code="a">A cornerstone of &#xAB;&#xA0;Reaganomics&#xA0;&#xBB;, deregulation was a deliberate break with a tradition going back to the New Deal era. Part and parcel of Reagan&#x2019;s powerful anti-government rhetoric, it inspired the policies conducted by his immediate successors. Yet the 2007-2008 financial crisis, resulting in part from a lack of supervision of market players, forced the federal government to step in massively in order to avoid a systemic crisis. The Republican leadership opposed the 2010 Dodd-Frank Act, which seemed to revive the Rooseveltian tradition. They keep proclaiming their uncritical allegiance to the policy of deregulation, while denouncing at the same time the cost of the bailout plans engineered by Washington&#x2019;s Big Government.</subfield>
  </datafield>
  <datafield tag="786" ind1="0" ind2=" ">
    <subfield code="n">Politique am&#xE9;ricaine | 29 | 1 | 2017-05-01 | p. 43-68 | 1771-8848</subfield>
  </datafield>
  <datafield tag="856" ind1="4" ind2="1">
    <subfield code="u">https://shs.cairn.info/revue-politique-americaine-2017-1-page-43?lang=fr&amp;redirect-ssocas=7080</subfield>
  </datafield>
  <datafield tag="999" ind1=" " ind2=" ">
    <subfield code="c">1631312</subfield>
    <subfield code="d">1631312</subfield>
  </datafield>
</record>
